Statistics for Top 10 Football (Soccer) Players with Most Major Trophies

Click here to take the quiz!

General Stats

  • This quiz has been taken 216 times
  • The average score is 6 of 10

Answer Stats

# Player % Correct
34Lionel Messi
98%
27Cristiano Ronaldo
97%
33Andres Iniesta
66%
31Xavi
65%
40Dani Alves
52%
32Gerard Pique
52%
31Zlatan Ibrahimović
47%
31Sergio Busquets
40%
34Ryan Giggs
36%
33Maxwell
14%

Score Distribution

Percentile by Number Answered

Percent of People with Each Score

Your Score History

You have not taken this quiz